[Event "PNWCC-Pirot Hybrid m4"]
[Site "Chess.com INT"]
[Date "2021.11.13"]
[Round "2"]
[White "Popovic, Predrag R"]
[Black "Zaloznyy, Mike"]
[Result "1-0"]
[WhiteElo "2223"]
[BlackElo "2025"]
[PlyCount "105"]
[EventDate "2021.11.13"]
[EventType "team-match"]
[EventRounds "4"]
[EventCountry "USA"]
[SourceTitle "CBM 205 Extra"]
[Source "ChessBase"]
[SourceDate "2022.01.31"]
[SourceVersion "1"]
[SourceVersionDate "2022.01.31"]
[SourceQuality "1"]
[WhiteTeam "Pirot"]
[BlackTeam "PNWCC"]
[WhiteTeamCountry "SRB"]
[BlackTeamCountry "USA"]

1. d4 Nf6 2. Nc3 d6 3. e4 e5 4. Nge2 b5 5. Bg5 c6 6. dxe5 dxe5 7. Qxd8+ Kxd8 8. 0-0-0+ Kc7 9. f3 Be6 10. Kb1 Nbd7 11. Nc1 a5 12. Nd3 Bd6 13. Be2 a4 14. a3 Rhb8 15. Nb4 Nc5 16. Be3 Na6 17. Nxa6+ Rxa6 18. Na2 Raa8 19. Rd2 Be7 20. c3 Nd7 21. Rhd1 Nc5 22. Nc1 Rd8 23. Rxd8 Rxd8 24. Rxd8 Kxd8 25. Nd3 Nxd3 26. Bxd3 h5 27. Kc2 g6 28. c4 b4 29. c5 Bb3+ 30. Kd2 bxa3 31. bxa3 Kd7 32. Bc2 Bxc2 33. Kxc2 Bd8 34. Kd3 f5 35. Bd2 Bh4 36. g3 Be7 37. Kc4 Ke6 38. Kb4 g5 39. Kxa4 Bxc5 40. Bxg5 Bg1 41. h3 fxe4 42. fxe4 Kd6 43. Kb4 Bc5+ 44. Kb3 Bf2 45. g4 hxg4 46. hxg4 Kc5 47. Kc3 Be1+ 48. Kd3 Kd6 49. a4 Kc5 50. Be7+ Kb6 51. g5 Bh4 52. g6 Bxe7 53. g7 1-0

[Event "PNWCC-Pirot Hybrid m4"]
[Site "Chess.com INT"]
[Date "2021.11.13"]
[Round "1"]
[White "Zaloznyy, Mike"]
[Black "Popovic, Predrag R"]
[Result "0-1"]
[WhiteElo "2025"]
[BlackElo "2223"]
[PlyCount "106"]
[EventDate "2021.11.13"]
[EventType "team-match"]
[EventRounds "4"]
[EventCountry "USA"]
[SourceTitle "CBM 205 Extra"]
[Source "ChessBase"]
[SourceDate "2022.01.31"]
[SourceVersion "1"]
[SourceVersionDate "2022.01.31"]
[SourceQuality "1"]
[WhiteTeam "PNWCC"]
[BlackTeam "Pirot"]
[WhiteTeamCountry "USA"]
[BlackTeamCountry "SRB"]

1. d4 Nf6 2. Bf4 d5 3. e3 Bf5 4. Bd3 Bxd3 5. cxd3 c6 6. Nf3 e6 7. 0-0 Bd6 8. Ne5 0-0 9. Nc3 Qe7 10. Qf3 Nbd7 11. g4 Ne8 12. Nxd7 Qxd7 13. Rfd1 Bxf4 14. Qxf4 f5 15. g5 Qd6 16. Ne2 Qxf4 17. Nxf4 Kf7 18. Rac1 Nd6 19. a4 a5 20. Rc5 Ra6 21. Rd2 Rfa8 22. f3 Rb6 23. g6+ hxg6 24. Rg2 g5 25. Rxg5 Rxb2 26. Rg6 Ra2 27. Rxe6 Nc8 28. e4 g5 29. Nxd5 cxd5 30. exd5 Ne7 31. Rc7 Re8 32. Re5 Kf8 33. d6 Ng6 34. d7 Rd8 35. Rc8 Nxe5 36. Rxd8+ Ke7 37. Re8+ Kxd7 38. Rxe5 Rxa4 39. Rxf5 Kc6 40. Kf2 b5 41. Ke3 b4 42. d5+ Kd6 43. Ke4 b3+ 44. d4 Rb4 45. Rf6+ Ke7 46. Ke5 b2 47. d6+ Ke8 48. Ke6 Rb6 49. Rg6 Kf8 50. Rf6+ Kg8 51. Ke7 b1Q 52. d7 Qb4+ 53. Ke8 Rxf6 0-1

[Event "SRB-chT 2nd League East"]
[Site "Knic"]
[Date "2019.09.08"]
[Round "4.3"]
[White "Rajkovic, Aleksandar"]
[Black "Popovic, Predrag R"]
[Result "1/2-1/2"]
[WhiteElo "2135"]
[BlackElo "2249"]
[PlyCount "62"]
[EventDate "2019.09.06"]
[EventType "team-tourn"]
[EventRounds "11"]
[EventCountry "SRB"]
[SourceTitle "EXT 2020"]
[Source "ChessBase"]
[SourceDate "2019.10.17"]
[SourceVersion "1"]
[SourceVersionDate "2019.10.17"]
[SourceQuality "1"]
[WhiteTeam "Pozarevac"]
[BlackTeam "Veliko Gradiste"]
[WhiteTeamCountry "SRB"]
[BlackTeamCountry "SRB"]

1. b3 e5 2. Bb2 Nc6 3. e3 f6 4. d4 exd4 5. exd4 d5 6. Nf3 Be6 7. Bb5 Nge7 8. 0-0 Qd7 9. a4 0-0-0 10. a5 a6 11. Ba4 Nf5 12. c3 g5 13. Nbd2 g4 14. Ne1 Bd6 15. b4 Qg7 16. Bxc6 bxc6 17. Qe2 Kd7 18. Nd3 Qh6 19. Nc5+ Bxc5 20. dxc5 Nh4 21. Bc1 Ra8 22. Nb3 Qg6 23. Nd4 Rhe8 24. Qd1 Bf5 25. Bf4 Be4 26. Re1 Nxg2 27. Qa4 f5 28. Bd6 cxd6 29. Qxc6+ Ke7 30. Ra4 dxc5 31. bxc5 Kf8 1/2-1/2

[Event "SRB-chT 2nd League East"]
[Site "Knic"]
[Date "2019.09.07"]
[Round "3.2"]
[White "Brankovic, Dejan"]
[Black "Popovic, Predrag R"]
[Result "1/2-1/2"]
[WhiteElo "2307"]
[BlackElo "2249"]
[PlyCount "20"]
[EventDate "2019.09.06"]
[EventType "team-tourn"]
[EventRounds "11"]
[EventCountry "SRB"]
[SourceTitle "EXT 2020"]
[Source "ChessBase"]
[SourceDate "2019.10.17"]
[SourceVersion "1"]
[SourceVersionDate "2019.10.17"]
[SourceQuality "1"]
[WhiteTeam "Paracin"]
[BlackTeam "Veliko Gradiste"]
[WhiteTeamCountry "SRB"]
[BlackTeamCountry "SRB"]

1. Nf3 d5 2. g3 Nc6 3. Bg2 e5 4. d3 f6 5. 0-0 Be6 6. c3 Qd7 7. e4 0-0-0 8. Qe2 Nge7 9. Re1 g5 10. Nbd2 Ng6 1/2-1/2

[Event "SRB-chT 2nd League East"]
[Site "Knic"]
[Date "2019.09.07"]
[Round "2.3"]
[White "Ugrenovic, Bozidar"]
[Black "Popovic, Predrag R"]
[Result "1/2-1/2"]
[WhiteElo "2199"]
[BlackElo "2249"]
[PlyCount "51"]
[EventDate "2019.09.06"]
[EventType "team-tourn"]
[EventRounds "11"]
[EventCountry "SRB"]
[SourceTitle "EXT 2020"]
[Source "ChessBase"]
[SourceDate "2019.10.17"]
[SourceVersion "1"]
[SourceVersionDate "2019.10.17"]
[SourceQuality "1"]
[WhiteTeam "Majdanpek"]
[BlackTeam "Veliko Gradiste"]
[WhiteTeamCountry "SRB"]
[BlackTeamCountry "SRB"]

1. Nf3 d5 2. c4 dxc4 3. e3 c5 4. Bxc4 Nc6 5. d4 cxd4 6. exd4 e6 7. 0-0 Nf6 8. Nc3 Be7 9. Re1 0-0 10. a3 a6 11. d5 exd5 12. Nxd5 Nxd5 13. Bxd5 Bf6 14. Ra2 Nd4 15. Be4 Be6 16. Ra1 Nb3 17. Rb1 Qxd1 18. Rxd1 Nc5 19. Bc2 Ba2 20. Ra1 Bb3 21. Bxb3 Nxb3 22. Rb1 Rac8 23. Be3 Rfd8 24. Rxd8+ Rxd8 25. Kf1 Rc8 26. Ke2 1/2-1/2

[Event "SRB-chT 2nd League East"]
[Site "Knic"]
[Date "2019.09.06"]
[Round "1.3"]
[White "Kolbert, Engelbert"]
[Black "Popovic, Predrag R"]
[Result "0-1"]
[WhiteElo "2085"]
[BlackElo "2249"]
[PlyCount "74"]
[EventDate "2019.09.06"]
[EventType "team-tourn"]
[EventRounds "11"]
[EventCountry "SRB"]
[SourceTitle "EXT 2020"]
[Source "ChessBase"]
[SourceDate "2019.10.17"]
[SourceVersion "1"]
[SourceVersionDate "2019.10.17"]
[SourceQuality "1"]
[WhiteTeam "Bor Bakar"]
[BlackTeam "Veliko Gradiste"]
[WhiteTeamCountry "SRB"]
[BlackTeamCountry "SRB"]

1. e4 e6 2. d4 d5 3. Nc3 Bb4 4. e5 b6 5. a3 Bf8 6. Nf3 Ne7 7. Bd3 Ba6 8. Bxa6 Nxa6 9. Qd3 Qc8 10. 0-0 h5 11. Nh4 c5 12. Ne2 cxd4 13. Qb5+ Nc6 14. Nxd4 Nab8 15. Bg5 Bc5 16. Nhf3 Qd7 17. Nxc6 Nxc6 18. Qd3 Rc8 19. Rad1 Qc7 20. Rfe1 Be7 21. c4 dxc4 22. Qxc4 Bxg5 23. Nxg5 Qe7 24. Ne4 0-0 25. Nd6 Rc7 26. Rc1 Rd8 27. b4 Rdd7 28. Qe4 f5 29. Qf4 Nd8 30. Nb5 Rxc1 31. Rxc1 Nf7 32. h4 Rd5 33. Rc7 Qd8 34. Qc4 Nxe5 35. Qc3 Rd1+ 36. Kh2 Qxh4+ 37. Qh3 Ng4# 0-1

[Event "SRB-chT2 East CS"]
[Site "Kragujevac"]
[Date "2016.10.07"]
[Round "8.6"]
[White "Bulatovic, Nikola"]
[Black "Popovic, Predrag R"]
[Result "0-1"]
[WhiteElo "2101"]
[BlackElo "2257"]
[PlyCount "71"]
[EventDate "2016.08.26"]
[EventType "team-tourn"]
[EventRounds "11"]
[EventCountry "SRB"]
[SourceTitle "EXT 2021"]
[Source "ChessBase"]
[SourceDate "2020.10.23"]
[SourceVersion "1"]
[SourceVersionDate "2020.10.23"]
[SourceQuality "1"]

1. e4 e6 2. Qe2 c5 3. g3 Nc6 4. c3 d5 5. d3 Nf6 6. f4 Be7 7. Bg2 0-0 8. e5 Nd7 9. Nh3 f6 10. exf6 Rxf6 11. 0-0 Nf8 12. Nd2 Bd7 13. Nf3 Ng6 14. Re1 Bd6 15. Nf2 Qc7 16. Ng5 h6 17. Ng4 hxg5 18. Nxf6+ gxf6 19. Qh5 Kg7 20. fxg5 fxg5 21. Qxg5 Rh8 22. Rf1 Qd8 23. Qxd8 Nxd8 24. Bg5 Be7 25. Bxe7 Nxe7 26. h3 Nf5 27. g4 Ne3 28. Rf3 d4 29. cxd4 Nxg2 30. Kxg2 Bc6 31. dxc5 Bxf3+ 32. Kxf3 Rxh3+ 33. Ke4 Rg3 34. Ke5 Rxd3 35. b4 Rd5+ 36. Ke4 0-1

[Event "SRB-chT2 East CS"]
[Site "Kragujevac"]
[Date "2016.08.28"]
[Round "4.11"]
[White "Popovic, Predrag R"]
[Black "Marjanovic, Dejan"]
[Result "0-1"]
[WhiteElo "2257"]
[BlackElo "2427"]
[PlyCount "126"]
[EventDate "2016.08.26"]
[EventType "team-tourn"]
[EventRounds "11"]
[EventCountry "SRB"]
[SourceTitle "EXT 2021"]
[Source "ChessBase"]
[SourceDate "2020.10.23"]
[SourceVersion "1"]
[SourceVersionDate "2020.10.23"]
[SourceQuality "1"]

1. d4 Nf6 2. Nc3 d5 3. Qd3 e6 4. Bg5 Be7 5. Nf3 Nbd7 6. Bxf6 Nxf6 7. e4 c6 8. e5 Nd7 9. 0-0-0 b5 10. Kb1 Qa5 11. Nd2 b4 12. Nb3 Qc7 13. Na4 Nb6 14. Nbc5 0-0 15. f4 Nxa4 16. Nxa4 Bd7 17. Be2 c5 18. Nxc5 Bxc5 19. dxc5 Rfc8 20. Qd4 Qxc5 21. Qxc5 Rxc5 22. Rd2 a5 23. Re1 Kf8 24. Rd4 Ke7 25. g3 Rac8 26. Rd2 h6 27. Bd3 Bb5 28. Bxb5 Rxb5 29. Re3 Rbc5 30. a3 Kd7 31. axb4 axb4 32. Rb3 Rc4 33. Kc1 Re4 34. Rf2 Ra8 35. Kd2 Ra1 36. c3 bxc3+ 37. Rxc3 Ree1 38. Kc2 Rac1+ 39. Kb3 Rxc3+ 40. bxc3 Ke7 41. Kc2 g5 42. Kd2 Re4 43. fxg5 hxg5 44. Re2 Ra4 45. Kd3 Kf8 46. h3 Kg7 47. g4 Rf4 48. Re3 f6 49. exf6+ Kxf6 50. Ke2 e5 51. Rd3 Ke6 52. Rg3 e4 53. Ke3 Ke5 54. Ke2 Rf8 55. Ke3 Rh8 56. Kf2 Kf4 57. Re3 Rb8 58. Re2 Rb3 59. Rc2 e3+ 60. Ke2 Ke4 61. h4 gxh4 62. g5 h3 63. g6 h2 0-1

[Event "Paracin-ch"]
[Site "Paracin"]
[Date "2014.01.19"]
[Round "9"]
[White "Radosavljevic, Slobodan D"]
[Black "Popovic, Predrag R"]
[Result "1-0"]
[WhiteElo "2223"]
[BlackElo "2284"]
[PlyCount "33"]
[EventDate "2014.01.10"]
[EventType "swiss"]
[EventRounds "9"]
[EventCountry "SRB"]
[SourceTitle "CBM 158 Extra"]
[Source "ChessBase"]
[SourceDate "2014.02.28"]
[SourceVersion "1"]
[SourceVersionDate "2014.02.28"]
[SourceQuality "1"]

1. Nf3 d5 2. g3 Nc6 3. c4 dxc4 4. Qa4 f6 5. Qxc4 e5 6. Bg2 Qd6 7. Nc3 Be6 8. Qa4 Nge7 9. 0-0 Nf5 10. d4 exd4 11. Nb5 Qd7 12. Bf4 Rc8 13. Rac1 a6 14. Nxc7+ Rxc7 15. Bxc7 Qxc7 16. b4 Nfe7 17. Rfd1 1-0

[Event "Paracin-ch"]
[Site "Paracin"]
[Date "2014.01.11"]
[Round "2"]
[White "Popovic, Predrag R"]
[Black "Zivanovic, Blagoje"]
[Result "0-1"]
[WhiteElo "2284"]
[BlackElo "1905"]
[PlyCount "86"]
[EventDate "2014.01.10"]
[EventType "swiss"]
[EventRounds "9"]
[EventCountry "SRB"]
[SourceTitle "CBM 158 Extra"]
[Source "ChessBase"]
[SourceDate "2014.02.28"]
[SourceVersion "1"]
[SourceVersionDate "2014.02.28"]
[SourceQuality "1"]

1. d4 Nf6 2. c4 e5 3. dxe5 Ne4 4. a3 d6 5. Qc2 d5 6. e3 Bf5 7. Bd3 Nd7 8. Nc3 Nxe5 9. cxd5 Nxd3+ 10. Qxd3 Nxc3 11. Qxf5 Qxd5 12. Qxd5 Nxd5 13. e4 Nb6 14. Nf3 Bd6 15. 0-0 f6 16. Be3 Kf7 17. Bxb6 axb6 18. Rfe1 Rhe8 19. Kf1 Ra4 20. e5 Bxe5 21. Nxe5+ Rxe5 22. Rxe5 fxe5 23. Rc1 c6 24. Ke2 Ke6 25. Ke3 Kd5 26. f3 b5 27. Rc3 Rd4 28. g3 g5 29. b3 c5 30. Ke2 b4 31. axb4 Rxb4 32. Re3 b5 33. Kd2 Rd4+ 34. Kc2 h5 35. Re1 h4 36. Re2 e4 37. fxe4+ Rxe4 38. Rf2 hxg3 39. hxg3 Re3 40. g4 Re4 41. Rf5+ Re5 42. Rf8 Ke4 43. Kc3 Ke3 0-1

[Event "SRB-chT2 West CS"]
[Site "Serbia"]
[Date "2012.09.16"]
[Round "4.3"]
[White "Popovic, Predrag R"]
[Black "Markovic, Dragan P"]
[Result "1/2-1/2"]
[WhiteElo "2263"]
[BlackElo "2239"]
[PlyCount "49"]
[EventDate "2012.09.14"]
[EventType "team"]
[EventRounds "10"]
[EventCountry "SRB"]
[SourceTitle "EXT 2015"]
[Source "ChessBase"]
[SourceDate "2014.11.20"]
[SourceVersion "1"]
[SourceVersionDate "2014.11.20"]
[SourceQuality "1"]

1. d4 Nf6 2. c4 e6 3. Nf3 b6 4. g3 Bb7 5. Bg2 Be7 6. 0-0 0-0 7. Nc3 Ne4 8. Nxe4 Bxe4 9. b3 Bf6 10. Bb2 c5 11. Qd2 cxd4 12. Nxd4 Bxg2 13. Kxg2 d5 14. Qc2 Qc8 15. Rac1 dxc4 16. Qxc4 Qb7+ 17. Kg1 Na6 18. Qc6 Qxc6 19. Rxc6 Rfc8 20. Rfc1 Rxc6 21. Rxc6 Nb4 22. Rc4 Nxa2 23. Ra4 Bxd4 24. Bxd4 Nc1 25. Bxb6 1/2-1/2

[Event "SRB-chT2 West CS"]
[Site "Serbia"]
[Date "2012.09.14"]
[Round "1.3"]
[White "Cubrakovic, Velibor"]
[Black "Popovic, Predrag R"]
[Result "1-0"]
[WhiteElo "2204"]
[BlackElo "2263"]
[PlyCount "57"]
[EventDate "2012.09.14"]
[EventType "team"]
[EventRounds "10"]
[EventCountry "SRB"]
[SourceTitle "EXT 2015"]
[Source "ChessBase"]
[SourceDate "2014.11.20"]
[SourceVersion "1"]
[SourceVersionDate "2014.11.20"]
[SourceQuality "1"]

1. e4 e6 2. d4 d5 3. Bd3 dxe4 4. Bxe4 Nf6 5. Bf3 c6 6. Ne2 b6 7. 0-0 Bb7 8. Be3 a5 9. Nbc3 Be7 10. Re1 0-0 11. Nf4 Na6 12. Qe2 Re8 13. Ne4 Nc7 14. c3 Ncd5 15. Nd3 Rc8 16. Ne5 Nxe4 17. Bxe4 Nf6 18. Qf3 Qc7 19. Bf4 Bd6 20. Bd3 c5 21. Qh3 g6 22. Bb5 Nh5 23. Bh6 Red8 24. Bg5 Bxe5 25. Bxd8 Qxd8 26. dxe5 Nf4 27. Qg3 Nxg2 28. Red1 Qc7 29. Bf1 1-0

[Event "SRB-chT2 West CS"]
[Site "Serbia"]
[Date "2011.10.13"]
[Round "6.5"]
[White "Mirkovic, Stevan"]
[Black "Popovic, Predrag R"]
[Result "0-1"]
[WhiteElo "2237"]
[BlackElo "2248"]
[PlyCount "56"]
[EventDate "2011.09.11"]
[EventType "team"]
[EventRounds "11"]
[EventCountry "SRB"]
[SourceTitle "EXT 2015"]
[Source "ChessBase"]
[SourceDate "2014.11.20"]
[SourceVersion "1"]
[SourceVersionDate "2014.11.20"]
[SourceQuality "1"]

1. Nf3 d5 2. d4 Nf6 3. c4 e6 4. Nc3 dxc4 5. e3 c5 6. Bxc4 Be7 7. 0-0 a6 8. a4 0-0 9. Qe2 Qc7 10. Rd1 b6 11. d5 exd5 12. Bxd5 Bb7 13. e4 Nxd5 14. exd5 Bd6 15. Ne4 Nd7 16. Nfg5 h6 17. Qh5 hxg5 18. Ra3 g4 19. Bh6 Bxh2+ 20. Kh1 Qe5 21. Qxg4 f5 22. Qg6 fxe4 23. Bxg7 Qxg7 24. Qe6+ Rf7 25. Kxh2 Qe5+ 26. Rg3+ Kf8 27. Kg1 Qxe6 28. dxe6 Rg7 0-1

[Event "SRB-chT2 West CS"]
[Site "Serbia"]
[Date "2011.10.02"]
[Round "4"]
[White "Popovic, Predrag R"]
[Black "Rancic, Zoran"]
[Result "1/2-1/2"]
[WhiteElo "2248"]
[BlackElo "2168"]
[PlyCount "26"]
[EventDate "2011.09.11"]
[EventType "team"]
[EventRounds "11"]
[EventCountry "SRB"]
[SourceTitle "EXT 2015"]
[Source "ChessBase"]
[SourceDate "2014.11.20"]
[SourceVersion "1"]
[SourceVersionDate "2014.11.20"]
[SourceQuality "1"]

1. d4 Nf6 2. c4 e6 3. Nf3 b6 4. g3 Bb7 5. Bg2 Bb4+ 6. Bd2 Be7 7. 0-0 0-0 8. Nc3 Ne4 9. Nxe4 Bxe4 10. Bc3 d5 11. b3 Nd7 12. Nd2 Bxg2 13. Kxg2 f5 1/2-1/2

[Event "SRB-chT2 West CS"]
[Site "Serbia"]
[Date "2011.09.25"]
[Round "3.6"]
[White "Vasic, Vladimir"]
[Black "Popovic, Predrag R"]
[Result "0-1"]
[WhiteElo "2209"]
[BlackElo "2248"]
[PlyCount "72"]
[EventDate "2011.09.11"]
[EventType "team"]
[EventRounds "11"]
[EventCountry "SRB"]
[SourceTitle "EXT 2015"]
[Source "ChessBase"]
[SourceDate "2014.11.20"]
[SourceVersion "1"]
[SourceVersionDate "2014.11.20"]
[SourceQuality "1"]

1. e4 e6 2. d4 d5 3. Nd2 dxe4 4. Nxe4 Nd7 5. Nf3 Ngf6 6. Nxf6+ Nxf6 7. Bg5 Be7 8. Bd3 c5 9. 0-0 cxd4 10. Nxd4 0-0 11. Re1 Qa5 12. Nf5 Bd8 13. Bd2 Qc7 14. Nxg7 Kxg7 15. Bc3 Rg8 16. Be5 Qe7 17. Qh5 Kf8 18. Qh6+ Ke8 19. Bb5+ Bd7 20. Bxd7+ Nxd7 21. Qxh7 Qg5 22. Bg3 Qg6 23. Qh3 Bf6 24. Rad1 Nf8 25. Bd6 Qg4 26. Qxg4 Rxg4 27. c3 Rd8 28. f4 Be7 29. h3 Rh4 30. Be5 f6 31. Bd4 Rxf4 32. Bxa7 Rxd1 33. Rxd1 Ra4 34. Be3 Rxa2 35. Rb1 Ng6 36. Kf2 Ne5 0-1

[Event "SRB-chT Cup Central"]
[Site "Vrnjacka Banja"]
[Date "2011.05.02"]
[Round "7"]
[White "Vasic, Vladimir"]
[Black "Popovic, Predrag R"]
[Result "1/2-1/2"]
[WhiteElo "2180"]
[BlackElo "2278"]
[PlyCount "61"]
[EventDate "2011.05.01"]
[EventType "team"]
[EventRounds "7"]
[EventCountry "SRB"]
[SourceTitle "EXT 2012"]
[Source "ChessBase"]
[SourceDate "2011.11.24"]
[SourceVersion "1"]
[SourceVersionDate "2011.11.24"]
[SourceQuality "1"]

1. e4 e6 2. d4 d5 3. Nd2 c5 4. Ngf3 Nc6 5. exd5 Qxd5 6. Bc4 Qd8 7. dxc5 Bxc5 8. 0-0 Nf6 9. Qe2 0-0 10. Ne4 Be7 11. Rd1 Qc7 12. Bg5 Nxe4 13. Qxe4 h6 14. Bxe7 Qxe7 15. Ne5 Nxe5 16. Qxe5 b6 17. Bd5 Bb7 18. Bxb7 Qxb7 19. Rd3 Rad8 20. Rad1 Qc8 21. Qb5 Qc7 22. h3 Rxd3 23. Qxd3 Rc8 24. c3 a5 25. Qd7 Qxd7 26. Rxd7 a4 27. Ra7 b5 28. Kf1 g5 29. Ke2 Rd8 30. Kf3 Kg7 31. Rb7 1/2-1/2

[Event "SRB-chT3 North"]
[Site "Kragujevac"]
[Date "2010.10.03"]
[Round "4"]
[White "Todorcevic, Djordje"]
[Black "Popovic, Predrag R"]
[Result "1/2-1/2"]
[WhiteElo "1987"]
[BlackElo "2283"]
[PlyCount "106"]
[EventDate "2010.09.12"]
[EventType "team"]
[EventRounds "11"]
[EventCountry "SRB"]
[SourceTitle "EXT 2012"]
[Source "ChessBase"]
[SourceDate "2011.11.24"]
[SourceVersion "1"]
[SourceVersionDate "2011.11.24"]
[SourceQuality "1"]

1. d4 Nf6 2. c4 e6 3. Nf3 d5 4. e3 Nbd7 5. Bd3 dxc4 6. Bxc4 c5 7. Nc3 cxd4 8. exd4 Nb6 9. Bb3 Be7 10. 0-0 0-0 11. Ne5 Nbd5 12. Re1 a6 13. Bg5 Qd6 14. Qf3 Nxc3 15. bxc3 Nd5 16. Bd2 b5 17. Bc2 Bb7 18. Qh3 g6 19. Bh6 Rfc8 20. Nxg6 hxg6 21. Bxg6 Nf6 22. Bd3 Bf8 23. Re5 Bg7 24. Rg5 Ne8 25. Bxg7 Nxg7 26. Qh7+ Kf8 27. Rxg7 Qf4 28. Bg6 Rc7 29. Qg8+ Ke7 30. Qxf7+ Qxf7 31. Rxf7+ Kd6 32. Rxc7 Kxc7 33. Re1 Kd6 34. Be4 Bxe4 35. Rxe4 Kd5 36. Re5+ Kc4 37. Re3 a5 38. h4 b4 39. cxb4 axb4 40. h5 Rxa2 41. Rxe6 Ra5 42. g4 b3 43. Rb6 Rb5 44. Rc6+ Kxd4 45. Rc1 Ke4 46. Kg2 b2 47. Rb1 Kf4 48. h6 Kxg4 49. h7 Rh5 50. Rxb2 Rxh7 51. Rb4+ Kf5 52. f3 Rg7+ 53. Kf2 Ra7 1/2-1/2

[Event "SRB Central-ch"]
[Site "Vrnjacka Banja"]
[Date "2009.11.11"]
[Round "4"]
[White "Popovic, Predrag R"]
[Black "Necevski, Alesandar"]
[Result "1/2-1/2"]
[WhiteElo "2268"]
[BlackElo "2327"]
[PlyCount "58"]
[EventDate "2009.11.09"]
[EventType "swiss"]
[EventRounds "9"]
[EventCountry "YUG"]
[SourceTitle "EXT 2010"]
[Source "ChessBase"]
[SourceDate "2010.11.25"]
[SourceVersion "1"]
[SourceVersionDate "2010.11.25"]
[SourceQuality "1"]

1. d4 d5 2. c4 c6 3. cxd5 cxd5 4. Nc3 Nc6 5. Nf3 Nf6 6. Bg5 Ne4 7. Bf4 Qa5 8. Qb3 e6 9. e3 Be7 10. h3 a6 11. Bd3 Nxc3 12. bxc3 b5 13. 0-0 0-0 14. a4 b4 15. Rfc1 Qb6 16. cxb4 Nxb4 17. Rc7 Bd6 18. Bxd6 Qxd6 19. Rac1 a5 20. Bb1 Ba6 21. R7c5 Bc4 22. Qc3 Rfc8 23. Rxc8+ Rxc8 24. Nd2 g6 25. Nb3 Qc6 26. Nxa5 Qxa4 27. Nb3 Qa3 28. Nd2 Qxc3 29. Rxc3 Ba6 1/2-1/2

[Event "SRB Central-ch"]
[Site "Vrnjacka Banja"]
[Date "2008.11.13"]
[Round "8"]
[White "Arsovic, Zoran"]
[Black "Popovic, Predrag R"]
[Result "1-0"]
[WhiteElo "2480"]
[BlackElo "2275"]
[PlyCount "83"]
[EventDate "2008.11.08"]
[EventType "swiss"]
[EventRounds "9"]
[EventCountry "YUG"]
[SourceTitle "EXT 2010"]
[Source "ChessBase"]
[SourceDate "2010.11.25"]
[SourceVersion "1"]
[SourceVersionDate "2010.11.25"]
[SourceQuality "1"]

1. d4 e6 2. Nf3 c5 3. e3 Nf6 4. Bd3 Nc6 5. 0-0 Be7 6. c4 0-0 7. Nc3 cxd4 8. exd4 d5 9. cxd5 Nxd5 10. Re1 Nxc3 11. bxc3 b6 12. h4 Bb7 13. Ng5 g6 14. Qg4 h5 15. Qg3 Bd6 16. Bf4 Bxf4 17. Qxf4 e5 18. Qg3 exd4 19. Ne6 Qf6 20. Nxf8 Rxf8 21. cxd4 Nxd4 22. Rad1 Rd8 23. Qg5 Qxg5 24. hxg5 Ne6 25. Bc4 Rxd1 26. Rxd1 Bc8 27. Bxe6 Bxe6 28. Rd8+ Kg7 29. a3 Bc4 30. Ra8 a5 31. g3 f6 32. Ra7+ Bf7 33. f4 fxg5 34. fxg5 Kf8 35. Rb7 a4 36. Kf2 b5 37. Rxb5 Ke7 38. Rb6 Be8 39. Ke3 Kd7 40. Kd4 Kc7 41. Re6 Kd7 42. Ke5 1-0

[Event "SRB Central-ch"]
[Site "Vrnjacka Banja"]
[Date "2008.11.10"]
[Round "4"]
[White "Arsovic, Goran"]
[Black "Popovic, Predrag R"]
[Result "1/2-1/2"]
[WhiteElo "2432"]
[BlackElo "2275"]
[PlyCount "70"]
[EventDate "2008.11.08"]
[EventType "swiss"]
[EventRounds "9"]
[EventCountry "YUG"]
[SourceTitle "EXT 2010"]
[Source "ChessBase"]
[SourceDate "2010.11.25"]
[SourceVersion "1"]
[SourceVersionDate "2010.11.25"]
[SourceQuality "1"]

1. d4 Nf6 2. Nf3 e6 3. c4 d5 4. Nc3 dxc4 5. e4 c5 6. Bxc4 cxd4 7. Nxd4 a6 8. e5 Qc7 9. Qe2 Nfd7 10. Bf4 Nc6 11. Nf3 b5 12. Bd3 Nc5 13. Bb1 Bb7 14. 0-0 h6 15. Ne4 Nxe4 16. Bxe4 g5 17. Be3 Bg7 18. Rac1 Rc8 19. h3 0-0 20. Bc5 Rfd8 21. Bd6 Qd7 22. h4 g4 23. Nh2 h5 24. Qe3 f5 25. exf6 Bxf6 26. Bg3 Kg7 27. Bxc6 Bxc6 28. Be5 Qd2 29. Qc5 Qd5 30. Bxf6+ Kxf6 31. Qc3+ Kg6 32. Qg3 Qd6 33. Qe3 Qd5 34. Qg3 Qd6 35. Qe3 Qd5 1/2-1/2

[Event "Novi Becej op 25th"]
[Site "Novi Becej"]
[Date "2007.06.17"]
[Round "9"]
[White "Sevo, Dusan"]
[Black "Popovic, Predrag R"]
[Result "0-1"]
[WhiteElo "2279"]
[BlackElo "2241"]
[PlyCount "126"]
[EventDate "2007.06.09"]
[EventType "swiss"]
[EventRounds "9"]
[EventCountry "YUG"]
[SourceTitle "CBM 118 Extra"]
[Source "ChessBase"]
[SourceDate "2007.07.04"]
[SourceVersion "1"]
[SourceVersionDate "2007.07.04"]
[SourceQuality "1"]

1. e4 c6 2. d3 e5 3. Nf3 d6 4. g3 Be7 5. Bg2 f5 6. Nc3 Nf6 7. Nh4 fxe4 8. dxe4 0-0 9. h3 Ne8 10. Nf3 Be6 11. Be3 Nd7 12. a4 a5 13. 0-0 Nef6 14. Ng5 Bc4 15. Re1 Kh8 16. b3 Bg8 17. Nf3 b6 18. Nh4 Be6 19. Qd2 Nc5 20. Rad1 Qd7 21. Kh2 Rad8 22. Bxc5 bxc5 23. Qe2 g6 24. Nf3 Qb7 25. Nd2 Qb4 26. Na2 Qb6 27. Kg1 Nh5 28. Nc4 Qa6 29. Bf1 Bxc4 30. Qxc4 Qxc4 31. Bxc4 Bf6 32. Rd3 Ng7 33. Kg2 Rd7 34. Red1 Be7 35. h4 Nh5 36. R3d2 Nf6 37. f3 Rfd8 38. Nc3 Kg7 39. Be6 Rb7 40. Rd3 Ne8 41. R1d2 Nc7 42. Bc4 Kf6 43. Nd1 Ne6 44. Bxe6 Kxe6 45. Ne3 Ra7 46. Rd1 Bf8 47. Rh1 d5 48. h5 Rad7 49. hxg6 hxg6 50. Rh8 Bg7 51. Rxd8 Rxd8 52. Kh3 Bf6 53. Kg4 Rd7 54. Rd2 Bd8 55. Nd1 Rh7 56. Ne3 Rd7 57. f4 exf4 58. gxf4 dxe4 59. Rxd7 Kxd7 60. f5 g5 61. Kh5 Kd6 62. Ng4 Kd5 63. f6 Kd4 0-1